| 000 | 00922nam a2200265 a 4500 | ||
|---|---|---|---|
| 001 | 70405 | ||
| 003 | BD-RjUL | ||
| 005 | 20211209082008.0 | ||
| 008 | 170417s1961 mau 001 0 eng | ||
| 035 | _a(BD-RjUL)70619 | ||
| 040 |
_aDLC _cOKentU _dBD-RjUL _beng |
||
| 041 | _aeng | ||
| 082 |
_223 _a523.2 _bBLB 1961 |
||
| 100 | 1 |
_aBlanco, V. M. _9208458 |
|
| 245 | 1 | 0 |
_aBasic physics of the solar system / _cby V. M. Blanco and S. W. McCuskey. |
| 260 |
_aReading, Mass. : _bAddison-Wesley Pub. Co. _cc1961. |
||
| 300 |
_aviii, 307 p. : _bill. ; _c24 cm. |
||
| 490 | 0 | _aAddison-Wesley series in the engineering sciences. Space science and technology | |
| 500 | _aIncludes index | ||
| 651 | 0 |
_aSolar system. _9159265 |
|
| 700 | 1 |
_aMcCuskey, S. W. _q(Sidney Wilcox), _9208459 |
|
| 830 |
_aAddison-Wesley series in the engineering sciences. Space science and technology _9208462 |
||
| 942 |
_2ddc _cBK |
||
| 999 |
_c70405 _d70405 |
||